Problemas de álgebra lineal y geometría /

Gespeichert in:
Bibliographische Detailangaben
1. Verfasser: Blanco Martín, María Francisca (autor)
Weitere Verfasser: Reyes Iglesias, María Encarnación (autor) (autor)
Format: Buch
Sprache:Spanisch
Veröffentlicht: Valladolid, España : Universidad de Valladolid, Secretariado de Publicaciones e Intercambio Científico, 1998, c1998
Schriftenreihe:(Manuales y Textos Universitarios. Ciencias ; 28)
Schlagworte:
Tags: Tag hinzufügen
Keine Tags, Fügen Sie das erste Tag hinzu!

MARC

LEADER 00000nam^a2200000^a^4500
001 000133854
005 20250521000000.0
009 20260310095146.89
020 |a 84-7762-849-1 
037 |a Acervo ITESO - Biblioteca 
041 |a ESP 
082 |a 516. 5  |b BLA 
100 |a Blanco Martín, María Francisca  |e (autor) 
245 1 0 |a Problemas de álgebra lineal y geometría /  |c M.F. Blanco Martín, M.E Reyes Iglesias. 
264 4 |a Valladolid, España :  |b Universidad de Valladolid, Secretariado de Publicaciones e Intercambio Científico,  |c 1998, c1998 
300 |a 463 p. 
336 |a texto  |b txt  |2 rdacontenido 
337 |a sin mediación  |b n  |2 rdamedio 
338 |a volumen  |b nc  |2 rdasoporte 
440 1 |a (Manuales y Textos Universitarios.  |p Ciencias ;  |v 28) 
649 |a XX 
650 |a Algebra Lineal 
650 |a Geometría 
650 |a Matemáticas 
700 |a Reyes Iglesias, María Encarnación  |e (autor) 
910 |a Fondo General 
920 |a Impresos - Libros 
930 |a Colección General 
905 |a 101 
901 |a 0500063046  |b IT1  |c ACC  |u 20250521 
902 |a https://opac.biblio.iteso.mx/vufind/Record/000133854